IPL:Most runs conceded in an innings by a bowler - Statistics

General Stats
  • This quiz has been taken 32 times
  • The average score is 4 of 19
Answer Stats
Runs conceded Team played for Year Opposition Answer % Correct
66 SRH 2013 CSK Ishant Sharma
55%
70 SRH 2018 RCB Basil Thampi
45%
69 GT 2023 KKR Yash Dayal
42%
61 RCB 2016 SRH Shane Watson
39%
PWI 2013 MI Ashok Dinda
32%
KXIP 2014 SRH Sandeep Sharma
32%
65 DD 2013 RCB Umesh Yadav
29%
LSG 2022 KKR Avesh Khan
19%
SRH 2022 GT Marco Jansen
16%
64 SRH 2020 MI Siddarth Kaul
16%
SRH 2022 MI Thangarasu Natarajan
10%
63 DD 2012 CSK Varun Aaron
10%
RR 2020 MI Ankit Rajpoot
6%
CSK 2021 MI Lungi Ngidi
6%
KXIP 2019 SRH Mujeeb Ur Rahman
6%
RCB 2019 KKR Tim Southee
6%
RCB 2022 PBKS Josh Hazlewood
3%
62 KXIP 2013 RCB Michael Neser
0%
60 KKR 2013 MI Ryan McLaren
0%
No matching quizzes found
Score Distribution
Percent of People with Each Score
Percentile by Number Answered
Your Score History
You have not taken this quiz